[Event "18th Reykjavik op"]
[Site "Reykjavik ISL"]
[Date "1998.03.16"]
[Round "7.21"]
[White "Olafsson, Thorvardur"]
[Black "Conquest, Stuart"]
[Result "0-1"]
[WhiteElo "2015"]
[BlackElo "2480"]
[EventDate "1998.03.10"]
[PlyCount "80"]

1.e4 g6 2.d4 Bg7 3.Nc3 d6 4.Nf3 c6 5.Be2 b5 6.a3 a6 7.Be3 ( 7.O-O Nd7 8.
Re1 ( 8.Bg5 Qc7 9.Qd2 Ngf6 10.Rfe1 h6 11.Be3 Bb7 12.e5 dxe5 13.Nxe5 Nxe5 
14.dxe5 Qxe5 15.Bf3 $44 {E-E Berzinsh,R-Lutskan,I/LAT-ch 1993 (59)} ) 8...
Qc7 9.Bf1 e5 10.dxe5 dxe5 11.Bg5 Ngf6 12.Qd2 h6 13.Bh4 g5 14.Bg3 Nh5 15.
Rad1 $13 {0-1 Grochot,C-Ivanka Budinsky,M/Hajduszoboszlo ztW 1991 (38)} ) 
( 7.Bf4 Nf6 ( 7...Nd7 8.e5 d5 9.Qd2 Nf8 10.h4 Bg4 11.a4 Bxf3 12.Bxf3 h5 
13.Ne2 Nh6 14.Qc3 Qc8 15.Qa5 bxa4 16.Qxa4 $14 {
Sheremetieva,M-Gurieli,N/Kishinev izt-W 1995/0-1 (46)} ) 8.h3 O-O 9.O-O 
Bb7 10.e5 dxe5 11.dxe5 Nd5 12.Nxd5 cxd5 13.Qd2 Nc6 14.Bd3 Qb6 15.Rfe1 Rad8
16.Bh6 Nd4 17.Nxd4 Qxd4 18.Bxg7 Kxg7 19.c3 Qc5 20.Qf4 d4 21.Rac1 Qb6 22.
cxd4 Rxd4 23.Qe3 Rfd8 $15 {0-1 Hansen,S-Conquest,S/Isle of Man op 1994 
(33)} ) 7...Nd7 ( 7...Nf6 8.h3 O-O 9.Qd2 Nbd7 10.e5 Nd5 11.Nxd5 cxd5 12.
Bh6 Nb6 13.h4 f6 14.Bxg7 Kxg7 15.h5 Rh8 16.Qf4 Bf5 17.O-O-O Nc4 18.Bxc4 
bxc4 19.hxg6 Bxg6 20.exf6+ exf6 21.Rde1 Qd7 22.Nh4 Rab8 23.Nxg6 hxg6 24.
Rxh8 Rxh8 25.Qf3 {E-E Vuksanovic,S-Klimova Richtrova,E/Biel opW 1990} ) 8.
O-O Bb7 $146 ( 8...e5 9.Qd2 Bb7 10.Rad1 Ngf6 11.Bh6 O-O 12.Bxg7 Kxg7 13.h3
Re8 14.dxe5 dxe5 15.Qe3 Qc7 $11 {Garcia,G-Nogueiras,J/Granma zt 1987/0-1 
(60)} ) ( 8...Qc7 9.Qd2 Ngf6 10.h3 O-O 11.Ne1 ( 11.Bh6 e5 12.Bxg7 Kxg7 13.
Rad1 Re8 14.Nh4 a5 15.b4 axb4 16.axb4 Ra3 17.d5 Bb7 18.Bxb5 cxd5 $6 {1-0 
Reefschlaeger,H-Yurtaev,L/Peer Gynt 1990 (49)} ( 18...Nxe4 $142 ) ) ( 11.
Rfd1 Bb7 12.Ne1 c5 13.f3 cxd4 14.Bxd4 Nb6 15.b3 Rac8 16.Rac1 e5 17.Bxb6 
Qxb6+ 18.Kh1 Nh5 19.Kh2 Nf4 20.Bf1 Bh6 21.Nd5 Bxd5 22.exd5 Kg7 23.Rb1 Nxh3
24.Qe2 {0-1 Lamon,M-Weeramantry,S/USA op 1990} ) 11...Bb7 12.f4 c5 13.Bf3 
b4 14.Nd5 Nxd5 15.exd5 bxa3 16.Rxa3 c4 $15 {[%csl Rd5] E-E 
Haberer,M-Radulov,I/Badenweiler op 1988 (33)} ) 9.Qd2 Qc7 10.b4 $6 {This 
is exactly the move that Black was waiting for by his two last moves.Why 
to weaken "c4"square?} ( 10.Rad1 $142 {is more logical} ) 10...Ngf6 11.Bh6
O-O ( 11...Bxh6 $6 12.Qxh6 c5 13.e5 $1 dxe5 $140 14.dxc5 $14 {[%csl Re8]} 
) 12.Bxg7 Kxg7 13.Rfe1 ( 13.a4 {with an idea to prevent c6-c5 and a6-a5 
could be a logical continiuation of 10.b4,but after} 13...a5 $1 {Black is 
OK.For instance} 14.Rfb1 axb4 15.Rxb4 bxa4 ( 15...c5 16.Rxb5 ( 16.Nxb5 $4 
Qa5 ) 16...Nxe4 ( 16...Bc6 $5 ) 17.Nxe4 Bxe4 18.dxc5 $14 {[%cal Ga4a7]} ) 
16.Rbxa4 e5 $11 ) 13...Rfd8 ( 13...e5 $5 {ia5} ) 14.Qe3 e5 {[%csl 
Rc2,Rc4][%cal Gc6c5] ic5.Otherwise White would play e5 by himself.} 15.
Red1 ( 15.a4 {can't prevent break through on the queenside.} 15...exd4 $1 
16.Qxd4 ( 16.Nxd4 c5 $1 $15 ) 16...c5 $1 $15 {[%csl Rc2,Rc3,Re4]} ) ( {But
} 15.dxe5 $1 dxe5 16.a4 $1 {was nessesary now or on the next move,because 
after c6-c5 Black is just better.} ) 15...h6 16.h3 c5 $1 $15 {After this 
programme advance Black emphasize weaknesses on the white's queenside.} 
17.bxc5 $2 ( 17.dxc5 $8 dxc5 {[%cal Gc7c2]} 18.Nd5 Bxd5 $1 19.exd5 cxb4 
20.axb4 Qxc2 21.Nxe5 $140 $4 Nxe5 22.Qxe5 Re8 ) ( 17.dxe5 $143 Nxe5 $1 18.
Nxe5 dxe5 {[%cal Gd8d4]} ) 17...exd4 $1 {[%csl Re4][%cal Yc7c2]} 18.Qxd4 (
18.Nxd4 dxc5 19.Nb3 Re8 $1 $17 {[%csl Rc2,Re4][%cal Gb5b4]} ) ( 18.Rxd4 
dxc5 19.Rdd1 Re8 $17 {[%csl Re4]} ) 18...dxc5 19.Qd6 {After this White 
lose a pawn and has to lose the game.} ( 19.Qe3 Re8 $17 {[%csl Re4]} ) ( 
19.Qd3 $5 {was the only attempt not to lose something by force.} ) 19...
Qxd6 20.Rxd6 Bxe4 $1 21.Rad1 $2 {Why to give up another pawn?} ( 21.a4 $1 
{is the better way to try to get counterplay,but anyway Black get better 
chances.For example:} 21...Bxc2 ( 21...b4 $5 22.Nxe4 Nxe4 23.Rxa6 ( 23.Rc6
$5 ) 23...Nc3 $1 24.Kf1 Rxa6 25.Bxa6 Ra8 26.Bd3 Rxa4 $17 ) 22.axb5 axb5 
23.Rxa8 Rxa8 24.Bxb5 Ra1+ $17 ) 21...Bxc2 $19 {Now it was a suitable 
moment to resign the game.} 22.R1d2 Bf5 23.Nh4 b4 ( 23...Be6 24.Bf3 Ra7 {
looks simplier.} ) 24.Nxf5+ gxf5 25.axb4 cxb4 26.Nb1 a5 27.R2d4 Re8 28.Bd3
Nc5 29.Bxf5 b3 30.Rc6 Re5 31.g4 a4 32.f4 Re1+ 33.Kf2 Rc1 34.Ke2 a3 35.Nxa3
Rxa3 36.g5 hxg5 37.fxg5 Ra2+ 38.Kf3 Rc3+ 39.Kf4 Rf2+ 40.Ke5 Nfd7+ $1 0-1

[Event "18th Reykjavik op"]
[Site "Reykjavik ISL"]
[Date "1998.03.16"]
[Round "7.22"]
[White "Dewenter, Ulf"]
[Black "Halldorsson, Jon Arni"]
[Result "1/2-1/2"]
[WhiteElo "2245"]
[BlackElo "2185"]
[EventDate "1998.03.10"]
[PlyCount "90"]

1.e4 e6 2.d4 d5 3.Nc3 Nf6 4.e5 Nfd7 5.Nce2 c5 6.f4 Nc6 7.Nf3 Qb6 8.c3 cxd4
9.cxd4 Be7 10.g3 O-O 11.Bg2 f6 12.exf6 Nxf6 13.O-O Bd7 14.Kh1 Be8 15.Ng5 
Na5 16.f5 exf5 17.Nf4 h6 18.Nxd5 Nxd5 19.Bxd5+ Kh8 20.Ne6 Rf6 21.b4 Bxb4 
22.Rb1 Qd6 23.Qf3 Rxe6 24.Rxb4 Qxb4 25.Bxe6 Qxd4 26.Rd1 Bc6 27.Rxd4 Bxf3+ 
28.Kg1 Be4 29.g4 Nc6 30.Rd7 Re8 31.gxf5 Rd8 32.Bb2 Rxd7 33.Bxd7 Kh7 34.Kf2
Ne7 35.f6 gxf6 36.Bxf6 Nd5 37.Bd4 a6 38.Be6 Nc7 39.Bc8 Kg6 40.Ke3 Bd5 41.
a3 Kg5 42.Bb6 Nb5 43.Bc5 Kf6 44.Kf4 a5 45.a4 Nc7 1/2-1/2

[Event "18th Reykjavik op"]
[Site "Reykjavik ISL"]
[Date "1998.03.16"]
[Round "7.23"]
[White "Kristjansson, Stefan"]
[Black "Schmied, Andreas"]
[Result "0-1"]
[WhiteElo "2255"]
[BlackElo "2155"]
[EventDate "1998.03.10"]
[PlyCount "100"]

1.e4 c5 2.Nf3 Nc6 3.d4 cxd4 4.Nxd4 g6 5.c4 Nf6 6.Nc3 Nxd4 7.Qxd4 d6 8.Be3 
Bg7 9.h3 O-O 10.Qd2 Qa5 11.Be2 Be6 12.Bd4 Nxe4 13.Nxe4 Qxd2+ 14.Kxd2 Bxd4 
15.Ng5 Bd7 16.f4 Rab8 17.Rab1 Bc6 18.Nf3 Bf6 19.b3 Rfc8 20.Rhd1 e5 21.fxe5
dxe5 22.Ke3 Rd8 23.Bd3 Bg7 24.Bc2 Kf8 25.b4 b6 26.g4 f6 27.Be4 Bxe4 28.
Kxe4 Ke7 29.c5 Ke6 30.c6 f5+ 31.Ke3 Bh6+ 32.g5 Rxd1 33.Rxd1 Bf8 34.c7 Rc8 
35.Rd8 Rxc7 36.Rxf8 Rc3+ 37.Ke2 e4 38.Rf6+ Kd5 39.Nd2 Rxh3 40.a4 Ke5 41.a5
bxa5 42.bxa5 Rh2+ 43.Ke1 Kf4 44.Ra6 e3 45.Nb3 Rb2 46.Nd4 Ke4 47.Rxa7 Kxd4 
48.a6 Ke4 49.Rxh7 Ra2 50.a7 f4 0-1

[Event "18th Reykjavik op"]
[Site "Reykjavik ISL"]
[Date "1998.03.16"]
[Round "7.24"]
[White "Gunnarsson, Arnar"]
[Black "Finnlaugsson, Gunnar"]
[Result "1/2-1/2"]
[WhiteElo "2195"]
[BlackElo "2215"]
[EventDate "1998.03.10"]
[PlyCount "40"]

1.c4 e5 2.Nc3 Nf6 3.Nf3 Nc6 4.e3 d5 5.cxd5 Nxd5 6.Bb5 Nxc3 7.bxc3 Bd6 8.d4
Bd7 9.O-O e4 10.Nd2 Qg5 11.Qe2 O-O 12.f4 exf3 13.Nxf3 Qh5 14.e4 Nxd4 15.
Nxd4 Qxh2+ 16.Kf2 c6 17.Bd3 Qh4+ 18.Ke3 Qg5+ 19.Kf2 Qg3+ 20.Kg1 Qh2+ 
1/2-1/2

[Event "18th Reykjavik op"]
[Site "Reykjavik ISL"]
[Date "1998.03.16"]
[Round "7.25"]
[White "Baldursson, Hrannar"]
[Black "Edvardsson, Kristjan"]
[Result "1/2-1/2"]
[WhiteElo "2180"]
[BlackElo "2205"]
[EventDate "1998.03.10"]
[PlyCount "88"]

1.e4 c5 2.Nf3 e6 3.c3 Nf6 4.Qa4 Nc6 5.Be2 d5 6.e5 Nd7 7.d3 Qc7 8.Bf4 a6 9.
Bg3 b5 10.Qf4 h6 11.h4 g5 12.Qe3 g4 13.Nh2 h5 14.O-O Bh6 15.f4 d4 16.Qf2 
Ndxe5 17.Nd2 Nd7 18.Ne4 f5 19.Ng5 Nf6 20.Rae1 Nd5 21.Bd1 Ne3 22.Rxe3 dxe3 
23.Qxe3 Qd6 24.Bb3 Nd8 25.Re1 Kd7 26.Bxe6+ Kc7 27.Bb3 Bd7 28.Qf2 Bg7 29.
Re5 Bf8 30.d4 cxd4 31.cxd4 Qb6 32.Nf1 Rc8 33.Ne3 Kb8 34.Nxf5 Nc6 35.Kh2 
Bxf5 36.Rxf5 Qxd4 37.Qe1 Bb4 38.Qb1 Rhe8 39.Rd5 Qe3 40.Rd7 Nd4 41.Bd5 Rc1 
42.Rb7+ Kc8 43.Qxc1+ Qxc1 44.f5 Nxf5 1/2-1/2

[Event "18th Reykjavik op"]
[Site "Reykjavik ISL"]
[Date "1998.03.16"]
[Round "7.26"]
[White "Thorfinnsson, Bjoern"]
[Black "Leosson, Torfi"]
[Result "1-0"]
[WhiteElo "2100"]
[BlackElo "2160"]
[EventDate "1998.03.10"]
[PlyCount "101"]

1.d4 d6 2.c4 e5 3.d5 f5 4.Nc3 Nf6 5.Bg5 Be7 6.Bxf6 Bxf6 7.e4 O-O 8.Bd3 f4 
9.Qc2 a5 10.O-O-O Na6 11.a3 Nc5 12.Na4 Nxd3+ 13.Rxd3 Bd7 14.Nc3 Be8 15.
Nge2 Qb8 16.Nb5 Be7 17.Rhd1 Rf6 18.Qd2 Rh6 19.h3 Rg6 20.g4 f3 21.Rxf3 Bg5 
22.Re3 Bxe3 23.Qxe3 c6 24.Nbc3 Rf6 25.f4 exf4 26.Nxf4 Bd7 27.g5 Rf7 28.g6 
hxg6 29.Nxg6 Rf6 30.Rg1 Be8 31.Nf4 Bf7 32.Nce2 Kf8 33.Nd4 Qe8 34.Qg3 g6 
35.Nfe6+ Bxe6 36.Qxd6+ Qe7 37.Nxe6+ Rxe6 38.Qxe6 Qxe6 39.dxe6 Kg7 40.Rf1 
b5 41.Rf7+ Kh6 42.e7 Re8 43.e5 Kg5 44.Kd2 Kh4 45.Ke3 bxc4 46.Kf4 Kxh3 47.
Kg5 Kg3 48.Kxg6 Kg4 49.Kf6 Kf4 50.e6 Ke4 51.Rf8 1-0

[Event "18th Reykjavik op"]
[Site "Reykjavik ISL"]
[Date "1998.03.16"]
[Round "7.27"]
[White "Briem, Stefan"]
[Black "Lehikoinen, Pertti"]
[Result "1/2-1/2"]
[WhiteElo "2185"]
[BlackElo "2250"]
[EventDate "1998.03.10"]
[PlyCount "90"]

1.e4 c5 2.f4 d5 3.exd5 Nf6 4.g3 Bg4 5.Be2 Qxd5 6.Nf3 Nc6 7.Nc3 Qd7 8.Ne5 
Nxe5 9.fxe5 Bxe2 10.Qxe2 Ng4 11.e6 Qxe6 12.Qxe6 fxe6 13.Ne4 b6 14.b3 h6 
15.Bb2 Nf6 16.Nf2 g5 17.O-O Bg7 18.Rae1 Nh5 19.Bxg7 Nxg7 20.Ng4 Rd8 21.d3 
Rd5 22.Ne5 Rf8 23.c4 Rxf1+ 24.Kxf1 Rd6 25.g4 Rd4 26.Ke2 Rf4 27.h3 a5 28.a3
Kd8 29.b4 axb4 30.axb4 cxb4 31.Rb1 h5 32.Rxb4 hxg4 33.hxg4 Kc7 34.Ke3 Ne8 
35.Rb1 Nf6 36.Rg1 Kb7 37.Kd2 Rf2+ 38.Kc3 Rf4 39.Re1 Nxg4 40.Nxg4 Rxg4 41.
Rxe6 b5 42.Rxe7+ Kc6 43.Re6+ Kd7 44.Rg6 bxc4 45.dxc4 Rf4 1/2-1/2

[Event "18th Reykjavik op"]
[Site "Reykjavik ISL"]
[Date "1998.03.16"]
[Round "7.28"]
[White "Rasmussen, Rogvi"]
[Black "Steindorsson, Sigurdur Pall"]
[Result "1-0"]
[WhiteElo "2115"]
[BlackElo "2027"]
[EventDate "1998.03.10"]
[PlyCount "75"]

1.d4 Nf6 2.c4 e6 3.g3 d5 4.Bg2 b6 5.Nf3 Bb7 6.cxd5 exd5 7.O-O Be7 8.Nc3 
O-O 9.Ne5 Nbd7 10.Qa4 Nxe5 11.dxe5 Nd7 12.Nxd5 Nc5 13.Qd1 c6 14.Nxe7+ Qxe7
15.Qd6 Rfe8 16.Qxe7 Rxe7 17.Bf4 Nd7 18.e6 fxe6 19.Rac1 Rc8 20.Bd6 Ree8 21.
Rfd1 Nf6 22.Be5 Red8 23.Bf3 Kf7 24.a3 Nd5 25.Rd4 c5 26.Rh4 h6 27.Bh5+ Kg8 
28.Ra4 a6 29.Bf3 Rd7 30.Rac4 a5 31.Bg4 Kf7 32.Bh5+ g6 33.Bf3 Ba6 34.Rh4 h5
35.g4 Rg8 36.gxh5 gxh5+ 37.Kh1 Nf6 38.Rf4 1-0

[Event "18th Reykjavik op"]
[Site "Reykjavik ISL"]
[Date "1998.03.16"]
[Round "7.29"]
[White "Bjornsson, Sigurbjorn"]
[Black "Kjartansson, David"]
[Result "1-0"]
[WhiteElo "2210"]
[BlackElo "2100"]
[EventDate "1998.03.10"]
[PlyCount "119"]

1.d4 d5 2.g3 Nf6 3.Bg2 c6 4.Nf3 Bf5 5.O-O Qb6 6.c4 e6 7.Nc3 Qa6 8.cxd5 
cxd5 9.a3 Bd6 10.Bg5 Nbd7 11.b4 Rc8 12.Qb3 O-O 13.Rfc1 Ne4 14.Bf1 b5 15.
Nxe4 Bxe4 16.Nd2 Bg6 17.f3 h6 18.Be3 Nb6 19.Bf2 Nc4 20.Nxc4 bxc4 21.Qc3 
Qb7 22.e4 dxe4 23.f4 Rc7 24.Qe3 Rfc8 25.Rc3 Qd5 26.Rac1 Bh5 27.Qe1 Bf3 28.
R1c2 Be7 29.Qc1 Bf6 30.Rxc4 Rxc4 31.Rxc4 Rxc4 32.Qxc4 Qxc4 33.Bxc4 Kf8 34.
Be3 Be7 35.d5 exd5 36.Bxd5 a6 37.Bc4 a5 38.bxa5 Bg4 39.Bd5 Bc8 40.Bxe4 
Bxa3 41.Bd3 Ke7 42.a6 Kd6 43.a7 Bb7 44.Bf1 Kc7 45.Bg2 Bxg2 46.Kxg2 Kb7 47.
Kf3 Bb2 48.Ke4 Ba3 49.Kd5 Be7 50.f5 h5 51.Bc5 Bd8 52.Kd6 h4 53.Kd7 hxg3 
54.hxg3 Bg5 55.Bd4 f6 56.Ke6 Bh6 57.Kf7 Ka8 58.g4 Kb7 59.Kg6 Ka8 60.Bxf6 
1-0

[Event "18th Reykjavik op"]
[Site "Reykjavik ISL"]
[Date "1998.03.16"]
[Round "7.31"]
[White "Ragnarsson, Johann"]
[Black "Schubert, Hans Joachim"]
[Result "1-0"]
[WhiteElo "2110"]
[BlackElo "2070"]
[EventDate "1998.03.10"]
[PlyCount "55"]

1.d4 f5 2.Bg5 c6 3.c4 Nf6 4.Bxf6 exf6 5.a3 d5 6.cxd5 cxd5 7.Nc3 Na6 8.Nh3 
Nc7 9.e3 Bd6 10.Bd3 Be6 11.Qc2 g6 12.g3 Kf7 13.Ne2 Qd7 14.Nhf4 a6 15.h4 
Rac8 16.Qb1 Kg7 17.h5 b5 18.Kf1 b4 19.axb4 Bxb4 20.Bxa6 Ra8 21.Bd3 Rxa1 
22.Qxa1 Ra8 23.Qb1 Qa4 24.Kg2 Bg8 25.hxg6 hxg6 26.g4 fxg4 27.Bxg6 Qa2 28.
Qf5 1-0

[Event "18th Reykjavik op"]
[Site "Reykjavik ISL"]
[Date "1998.03.16"]
[Round "7.32"]
[White "Asgeirsson, Heimir"]
[Black "Wiese, Hans Joachim"]
[Result "1/2-1/2"]
[WhiteElo "2140"]
[BlackElo "2165"]
[EventDate "1998.03.10"]
[PlyCount "160"]

1.d4 Nf6 2.c4 e6 3.Nc3 Bb4 4.f3 O-O 5.e4 d6 6.Ne2 e5 7.a3 exd4 8.axb4 dxc3
9.Nxc3 h6 10.Be2 Nc6 11.b5 Ne5 12.O-O Be6 13.b3 Bc8 14.Qd4 Re8 15.Bb2 a6 
16.b4 Rb8 17.Rad1 axb5 18.Nxb5 Qe7 19.Na3 Ng6 20.Rfe1 b6 21.Nc2 Nf4 22.Ne3
Qe5 23.Qd2 Qg5 24.Bf1 Nd7 25.Kh1 Ng6 26.g3 Ngf8 27.Bg2 Qg6 28.Nd5 Ne5 29.
Nxc7 Nxc4 30.Qc3 Nxb2 31.Qxb2 Re5 32.f4 Rh5 33.Qf2 Bg4 34.Rd2 Bh3 35.Bf3 
Bg4 36.Bg2 Qf6 37.Nd5 Qd8 38.f5 Nd7 39.Nf4 Ne5 40.Nxh5 Bxh5 41.h3 f6 42.g4
Bf7 43.b5 Kh7 44.Qd4 Qe8 45.Rb2 Bc4 46.Rc2 Qxb5 47.Qxd6 Qe8 48.Ra1 b5 49.
Ra7 Rd8 50.Qc7 Rd7 51.Qc5 Qd8 52.Rc1 Nd3 53.Rxd7 Qxd7 54.Qe3 Nxc1 55.Qxc1 
{[#] A clear black advantage due to the better bishop and the passed 
b-pawn. [#] Klarer schwarzer Vorteil infolge dem besseren Laeufer und dem 
b-Freibauern.} 55...Qd4 56.Qa3 Qd1+ $5 ( 56...Bg8 $142 $1 $19 {[%cal 
Yb5b4,Yb4b3,Yb3b2]} ) 57.Kh2 Qd2 58.Qf3 b4 59.e5 $1 {At the cost of a 
pawn, this activates the white pieces and inititiates threats against 
Black's king. Aktiviert auf Kosten eines Bauern die wei@n en Figuren und 
stellt Drohungen gegen den schwarzen K@warzen nig auf.} 59...fxe5 60.Qc6 
Bf7 61.Qb7 Be8 ( 61...Qa2 62.h4 Qc4 63.Be4 $132 {[%csl Ge4][%cal 
Ge4b1,Ge4h7,Rg4g5]} ) 62.Kh1 Qd1+ 63.Kh2 Qd6 64.Be4 Kg8 65.h4 Qd2+ 66.Kh3 
Qe3+ 67.Kg2 Qe2+ 68.Kh3 Qb5 69.Bd5+ Kf8 70.Qa8 h5 71.gxh5 Qf1+ 72.Kg4 Qf4+
73.Kh3 Qxf5+ 74.Kg3 Qd3+ 75.Kh2 Qe2+ 76.Kh3 Qxh5 77.Qc8 g5 78.Qc5+ Kg7 79.
Qe7+ Bf7 80.Qxe5+ Kf8 1/2-1/2

[Event "18th Reykjavik op"]
[Site "Reykjavik ISL"]
[Date "1998.03.17"]
[Round "8.1"]
[White "Akesson, Ralf"]
[Black "Christiansen, Larry"]
[Result "1/2-1/2"]
[WhiteElo "2505"]
[BlackElo "2575"]
[EventDate "1998.03.10"]
[PlyCount "62"]

1.Nf3 c5 2.c4 Nc6 3.d4 cxd4 4.Nxd4 Nf6 5.Nc3 e6 6.Bg5 Be7 7.e3 O-O 8.Be2 
d6 9.O-O a6 10.Rc1 Bd7 11.Nb3 Qc7 12.e4 Rad8 13.Be3 Qb8 14.Bb6 Rc8 15.f4 
Bd8 16.Be3 e5 17.Kh1 Re8 18.c5 dxc5 19.Nxc5 Bb6 20.N3a4 Bxc5 21.Nxc5 Rcd8 
22.Qb3 Bc8 23.fxe5 Qxe5 24.Nxb7 Nd4 25.Bxd4 Rxd4 26.Nc5 Rd2 27.Bc4 Rf8 28.
Bxf7+ Kh8 29.Bd5 Re8 30.Qf3 Bg4 31.Qf4 Qxb2 1/2-1/2

[Event "18th Reykjavik op"]
[Site "Reykjavik ISL"]
[Date "1998.03.17"]
[Round "8.2"]
[White "Agdestein, Simen"]
[Black "De Firmian, Nick"]
[Result "0-1"]
[WhiteElo "2570"]
[BlackElo "2590"]
[EventDate "1998.03.10"]
[PlyCount "150"]

1.c4 c5 2.Nf3 Nc6 3.Nc3 Nf6 4.g3 b6 5.Bg2 Bb7 6.O-O e6 7.e4 d6 8.d4 cxd4 
9.Nxd4 Nxd4 10.Qxd4 Be7 11.b3 O-O 12.Ba3 Qc7 13.Rfd1 Rfd8 14.Nb5 Qc6 15.
Qe3 Ne8 16.Rac1 a6 17.Nd4 Qc7 18.Bb4 Nf6 19.a4 Rac8 20.f3 Nd7 21.Be1 h6 
22.h4 Ne5 23.Bf2 Rb8 24.Bh3 Ba8 25.Bf1 Bf6 26.b4 h5 27.Qb3 g6 28.Ne2 Bg7 
29.Nf4 a5 30.b5 Nd7 31.Be3 Nc5 32.Qc2 Kh7 33.Bh3 Bh6 34.Rd2 Rbc8 35.Kf2 
Qe7 36.Rcd1 Bb7 37.Qa2 Rc7 38.Re2 Qf6 39.Kg2 Qe7 40.Qa3 Bg7 41.Nd3 Bh6 42.
Nxc5 dxc5 43.Red2 Rxd2+ 44.Rxd2 Bxe3 45.Qxe3 Rd7 46.e5 Qd8 47.Rxd7 Qxd7 
48.g4 Qd1 49.Kg3 Qxa4 50.Qf4 Kg8 51.gxh5 Qd1 52.hxg6 Qxf3+ $1 {A nice 
simplifying combination} 53.Qxf3 Bxf3 54.gxf7+ Kxf7 55.Kxf3 {[#] This 
start of an ending with an unusual material distribution and an 
imaginative if ultimately hopeless defence. For this, a Medal in advance. 
[#] Beginn eines Endspiels mit ungew@ls hnlicher Maetrialkonstellation und
einfallsreicher, wenn auch vergeblicher Verteidigung. Dafuer vorweg eine 
Medaille.} 55...a4 56.h5 a3 57.Bxe6+ Kg7 58.Ke4 a2 59.Kd5 a1=Q 60.Kd6 Qa7 
61.Kc6 Kf8 62.h6 Qh7 63.Bd5 Qxh6+ 64.e6 Ke7 65.Kxb6 Kd6 {[#] An attempt to
build a fortress. All the white pieces are protected, and the black king 
cannot approach his counterpart. [#] Versuch eines Festungsbaues. Alle 
wei@ngsbaues. en Steine sind gedeckt, und der schwarze K@warze nig kommt 
nicht recht an seinen Gegegnspieler heran.} 66.Ka6 Qg7 67.b6 Qa1+ 68.Kb7 
Qa4 69.Kb8 Qa6 70.b7 Qb6 {Zugzwang!} 71.Be4 Kxe6 72.Kc8 Qa6 73.Bf3 Ke7 74.
Bd5 Qd6 {[%cal Rd6d8]} 75.b8=N ( 75.b8=Q Qd7# ) 75...Qb6 {[%csl Rc7][%cal 
Re7d6]} 0-1

[Event "18th Reykjavik op"]
[Site "Reykjavik ISL"]
[Date "1998.03.17"]
[Round "8.4"]
[White "Van der Weide, Karel"]
[Black "Sokolov, Ivan"]
[Result "0-1"]
[WhiteElo "2450"]
[BlackElo "2625"]
[EventDate "1998.03.10"]
[PlyCount "78"]

1.e4 e5 2.Nf3 Nc6 3.Bb5 a6 4.Bxc6 dxc6 5.O-O f6 6.d4 Bg4 7.dxe5 Qxd1 8.
Rxd1 fxe5 9.Rd3 Bd6 10.Nbd2 Nf6 11.b3 O-O-O 12.Bb2 Rhe8 13.Re1 b5 14.a3 
Re7 15.h3 Bh5 16.Nh4 Ree8 17.Nf5 Bf8 18.Rxd8+ Rxd8 19.Nf1 Nd7 20.N1e3 Bf7 
21.Rd1 Re8 22.Ng4 Be6 23.Nfe3 Bg8 24.Nf5 h5 25.Rxd7 Kxd7 26.Nxe5+ Kc8 27.
Ng6 Bc5 28.b4 Bh7 29.Ne5 Bxf5 30.exf5 Bd6 31.f4 c5 32.g4 hxg4 33.hxg4 cxb4
34.axb4 Bxb4 35.Nd3 Bf8 36.g5 Re2 37.f6 gxf6 38.Bxf6 Rxc2 39.g6 Rc6 0-1

[Event "18th Reykjavik op"]
[Site "Reykjavik ISL"]
[Date "1998.03.17"]
[Round "8.5"]
[White "Gallagher, Joseph"]
[Black "Hansen, Curt"]
[Result "0-1"]
[WhiteElo "2490"]
[BlackElo "2595"]
[EventDate "1998.03.10"]
[PlyCount "120"]

1.e4 d6 2.d4 Nf6 3.Nc3 g6 4.Nf3 Bg7 5.Be3 c6 6.Qd2 ( 6.a4 ) 6...Bg4 7.Be2 
O-O ( 7...b5 8.e5 ) 8.h3 Bxf3 9.Bxf3 Nbd7 10.O-O ( 10.O-O-O Qc7 {ib5,e5} )
10...Qc7 11.a4 Rfe8 $14 ( 11...a5 $14 ) 12.Rfd1 Rad8 13.g3 e5 14.d5 $5 ( 
14.dxe5 Nxe5 ( 14...dxe5 15.a5 Qb8 $14 ) 15.Be2 d5 16.exd5 Nxd5 ( 16...
cxd5 17.Bxa7 b6 18.Nb5 Qb7 19.a5 Ne4 $13 ) 17.Nxd5 Rxd5 18.Qe1 Red8 $10 ) 
14...Nb6 15.Qd3 a5 16.Rab1 ( 16.Ra3 cxd5 ( 16...Nc8 $14 ) 17.Nb5 ) 16...
Rd7 {icd6-i b5 i d8} 17.Qe2 h5 ( 17...cxd5 18.exd5 e4 19.Bg2 Nc4 20.Bd4 e3
21.fxe3 Nh5 22.Ne4 f5 23.g4 ) 18.g4 $6 ( 18.Bg2 $14 ) 18...hxg4 19.hxg4 
cxd5 $1 20.exd5 e4 21.Bg2 Rde7 {d5,g4,} 22.Nb5 ( 22.g5 Nh5 23.Nb5 Qd8 
24.c4 Re5 ) 22...Qd8 23.Bf4 ( 23.c4 Nxa4 24.Ra1 Nc5 25.Bxc5 dxc5 26.d6 Re5
27.Nc7 Rf8 28.Rxa5 Rg5 29.Bh3 Nxg4 30.Bxg4 Qd7 ) 23...Re5 $1 24.Bxe5 ( 24.
g5 Nfxd5 25.Bxe5 Bxe5 26.Bxe4 Qxg5+ $40 ) 24...Rxe5 25.c4 ( 25.b3 Rg5 ( 
25...Nbxd5 {ie3,i d7,i f4.} ) 26.Bh3 Nxg4 27.Bxg4 f5 28.f3 exf3 29.Qe6+ 
$13 ) 25...Nxa4 $17 26.f4 ( 26.b3 Nc5 27.Nc3 Qd7 28.Bh3 Nxg4 29.Bxg4 Rg5 
30.Nxe4 Rxg4+ 31.Ng3 Ne4 32.Kg2 Be5 $40 ) 26...exf3 27.Qxf3 Rg5 28.Bh3 ( 
28.Qf4 Rxg4 ( 28...Qb6+ $1 29.Qd4 Nc5 $19 ) 29.Qxd6 Qc8 $13 ) 28...Nxg4 $1
29.Bxg4 Qd7 30.Kf1 Rxg4 {ii b2,ie5} 31.Nxd6 Rg5 ( 31...Be5 32.Nxf7 ( 32.
Qxf7+ Qxf7+ 33.Nxf7 Rf4+ ) 32...Rf4 33.Nxe5 Qf5 $19 ) 32.Qxf7+ $8 Qxf7+ 
33.Nxf7 Rf5+ 34.Kg2 Rxf7 $19 35.Rd2 Nc5 $6 ( 35...b6 36.Re2 Bd4 ) ( 35...
Kf8 36.Ra1 Nxb2 37.Rxa5 Nxc4 38.Ra8+ Ke7 $19 ) 36.Re1 ( 36.b4 $2 axb4 37.
Rxb4 Bc3 ) 36...Rd7 37.Re8+ Kf7 38.Ra8 b6 ( 38...Bf6 {iid8} ) 39.Rb8 Rd6 (
39...Nb7 40.d6 Bf6 41.Kf3 $132 ) ( 39...Rb7 40.Rxb7+ Nxb7 41.d6 ( 41.Re2 
Bf8 {iic5,i d6i} ) 41...Ke6 42.d7 Bf6 ) 40.Rf2+ Bf6 41.Re2 Nd3 ( 41...Bd8 
) 42.Rb7+ Kf8 43.Kg3 a4 ( 43...Nxb2 44.Re6 ( 44.Rb8+ Kg7 45.Rb7+ Kh6 46.
Kg4 ) 44...Rxe6 45.dxe6 Be5+ 46.Kg4 Nxc4 47.Kg5 $132 ) ( 43...Bxb2 44.Ree7
) 44.Ra7 $1 Nc5 ( 44...Nxb2 45.Ra8+ Kg7 46.Ra7+ Kh6 47.Kg4 ) 45.Rc7 Bd8 
46.Rh7 $2 ( 46.Rc6 Rxc6 47.dxc6 Kf7 48.Kf4 $13 ) 46...Rd7 $1 47.Rh8+ ( 47.
Rxd7 Nxd7 48.Re6 Bf6 ) ( 47.Rf2+ Kg8 48.Rxd7 Nxd7 {iif6,if7,i c5} ) 47...
Kg7 48.Ree8 Bf6 49.Reg8+ Kf7 50.Rf8+ Ke7 51.Re8+ Kd6 52.Rhg8 Rg7 $1 $19 
53.Rd8+ Bxd8 54.Rxg7 Bf6 $1 55.Rxg6 Kc7 56.Rxf6 ( 56.Kf4 Bxb2 {ia3-a2} ) 
56...Ne4+ 57.Kf4 Nxf6 58.Kf5 Nd7 59.Ke6 Nc5+ 60.Ke7 Ne4 0-1

[Event "18th Reykjavik op"]
[Site "Reykjavik ISL"]
[Date "1998.03.17"]
[Round "8.6"]
[White "Stefansson, Hannes Hlifar"]
[Black "Ward, Christopher"]
[Result "0-1"]
[WhiteElo "2540"]
[BlackElo "2480"]
[EventDate "1998.03.10"]
[PlyCount "68"]

1.e4 c5 2.Nf3 d6 3.d4 cxd4 4.Nxd4 Nf6 5.Nc3 g6 6.Be3 Bg7 7.f3 Nc6 8.Qd2 
O-O 9.Bc4 Bd7 10.O-O-O Qa5 11.h4 Ne5 12.Bb3 Rfc8 13.Kb1 Nc4 14.Bxc4 Rxc4 
15.Nb3 Qc7 ( 15...Qa6 ) ( 15...Qd8 ) ( 15...Qe5 ) 16.Bd4 Be6 17.h5 a5 18.
a4 b5 ( 18...Rb4 19.hxg6 hxg6 20.Rh4 b5 21.Nxb5 Qc4 22.Nc3 Rab8 23.Rdh1 
Qc8 24.e5 Nh5 25.exd6 Bxb3 26.cxb3 Rxb3 27.Bxg7 Rxb2+ 28.Qxb2 {E-E 
Wood,D-Ward,C/Lloyds Bank op 1994/EXP 43} ) 19.Nxb5 Qb8 ( 19...Qb7 {0-1 
Wagner,H-Hubert,R/FRG op-ch 1986/EXT 97 (38)} ) 20.Nc3 Rb4 21.hxg6 hxg6 
22.Bxf6 {Zweischneidig. Der schuetzende i f6 wird entfernt, aber der ig7 
kommt maechtig ins Spiel.} ( 22.Rh4 Qb7 23.Rdh1 Rb8 24.g4 Bxb3 25.cxb3 
Rxd4 26.Qxd4 Qxb3 27.R4h2 ( 27.Nd5 ) 27...Nh5 ( 27...Nh7 ) 28.Qe3 Bxc3 29.
gxh5 Qa3 30.Qc1 Be5 {E-E Forchert,M-Wisskirchen,A/NRW-II 1995/GER 10 (51)}
) 22...Bxf6 23.Nd5 Bxd5 24.Qxd5 $1 {[%csl Rf7,Rg6][%cal Yd5f7]} ( 24.exd5 
$2 Rxa4 {$140 25...Rb4 26...a4 $19} ) 24...Ra6 $1 {Schwarz hat jetzt zwei 
starke Drohungen: 1. i xa4, i b4, a4 mit Angriff auf b2, 2. i ab6, i xb3, 
i xb3 ebenfalls mit Angriff auf b2.} ( 24...Rxa4 25.Rh6 $132 ) 25.f4 $2 ( 
25.Rh6 $1 {[%cal Rh6g6] ist ein gefaehrlicher Gegenangriff:} 25...e6 ( 
25...Kg7 $2 26.Rdh1 $40 ) 26.Qd2 Rab6 ( 26...Rc6 27.Rdh1 Rxc2 28.Qxc2 Rxb3
29.Kc1 Rxb2 30.Rh8+ Bxh8 31.Rxh8+ Kxh8 32.Qxb2+ Qxb2+ 33.Kxb2 {-26.i ab6} 
) 27.Rdh1 Rxb3 28.cxb3 Rxb3 29.Kc1 Qb6 $1 $19 ( 29...Rxb2 30.Rh8+ Bxh8 31.
Rxh8+ Kxh8 32.Qxb2+ Qxb2+ 33.Kxb2 ) ) ( 25.Rh7 e6 26.Qd3 Rab6 27.Rdh1 Rxb3
) 25...e6 26.Qd3 Rab6 27.Rh3 Rxa4 28.f5 d5 29.fxe6 Qe5 30.exf7+ Kf8 31.c3 
Rxb3 32.exd5 Rab4 33.Rd2 Qe1+ 34.Ka2 Qc1 0-1